Which is larger? Country Quiz #2 - Statistics

General Stats
  • This quiz has been taken 78 times
  • The average score is 11 of 15
Answer Stats
Question Answer % Correct
Algeria or Democratic Republic of the Congo Algeria
100%
Nauru or Tuvalu? Tuvalu
100%
Georgia or Armenia Georgia
75%
Guinea or Guinea-Bissau Guinea
75%
Hungary or Czechia? Hungary
75%
Israel or Lebanon? Israel
75%
eSwatini or Lesotho? Lesotho
75%
Mauritania or Egypt? Mauritania
75%
Nigeria or Cameroon? Nigera
75%
Belarus or Romania? Romania
75%
Saint Kitts and Nevis or St Vincent and the Grenadines St Vincent and the Grenadines
75%
USA or Australia? USA
75%
Italy or Poland? Poland
50%
Saudi Arabia or Indonesia? Saudi Arabia
50%
Ghana or Uganda? Uganda
25%
No matching quizzes found
Score Distribution
Percent of People with Each Score
Percentile by Number Answered
Your Score History
You have not taken this quiz